| 000 | 00356nam a2200109Ia 4500 | ||
|---|---|---|---|
| 008 | 200626s9999 xx 000 0 und d | ||
| 020 | _a971-16-0494-9 | ||
| 245 | 4 |
_aThe revised rules of court in the philippines: _bAs amended up to september 11, 2001:/ |
|
| 250 | _a10th ed. | ||
| 260 |
_aManila: _bCentral Book Supply, Inc. _c2002 |
||
| 300 | _alxiv, 913 pages | ||
| 999 |
_c363916 _d363916 |
||